00497nam a2200133 a 450000100100000000500170001000800410002704000250006808200160009311000560010924500780016526000930024330000270033600003111020200930062718.0110613s1994 dr a 000 0 spa d aDO-SdBNPbspacBNPHU axxxxbR426c1 aRepública Dominicana.bVeterinarios sin Fronteras10aCuida tu caballo :bmanual sobre el manejo y enfermedades de los equipos. aSanto Domingo :bCentro de Solidaridad para el Desarrollo de la Mujer (Ce-Mujer),c1994. a24 p. :bil. ;c27 cm.